Les espagnols en Ligue 1 (2020-2026) - Statistiques

Statistiques générales
  • Ce quiz a été pris 46 fois
  • Le résultat moyen est 9 sur 24
Statistiques - réponses
Nb de saisons Clubs Joueur % Correct
4 Paris SG (2022-2026) Fabian Ruiz
93%
2 Paris SG (2022-2024) Carlos Soler
62%
3 Paris SG (2020-2023) Pablo Sarabia
62%
3 Paris SG (2020-2023) Juan Bernat
60%
4 Marseille (2020-2022, 2024-2026) Pol Lirola
60%
2 Paris SG (2023-2025) Marco Asensio
56%
2 Paris SG (2020-2022) Sergio Rico
56%
2 Paris SG (2021-2023) Sergio Ramos
51%
5 Nantes (2020-2025) Pedro Chirivella
49%
3 Marseille (2021-2024) Pau Lopez
47%
1 Paris SG (2025-2026) Dro Fernandez
44%
2 Paris SG (2023-2025) Arnau Tenas
38%
2 Monaco (2020-2022) Cesc Fabregas
33%
2 Paris SG (2020-2022) Ander Herrera
29%
2 Marseille (2022-2024) Rubén Blanco
29%
2 Marseille (2020-2022) Alvaro Gonzalez
27%
1 Paris SG (2020-2021) Jesé
27%
1 Monaco (2025-2026) Ansu Fati
24%
1 Nice (2025-2026) Kevin Carlos
20%
2 Reims (2023-2025) Sergio Akieme
13%
1 Toulouse (2023-2024) César Gelabert
7%
1 Toulouse (2024-2025) Alex Dominguez
2%
2 Bordeaux (2020-2022) Ruben Pardo
2%
1 Clermont (2021-2022) Oriol Busquets
0%
Aucun quiz correspondant
Distribution des résultats
% des personnes avec chaque résultat
Percentile par nombre de réponses
Votre historique - résultats
Vous n’avez pas pris ce quiz